Art in America/ (Record no. 3209)

MARC details
000 -LEADER
campo de control de longitud fija 01450nam a22004337a 4500
003 - IDENTIFICADOR DE NÚMERO DE CONTROL
campo de control OSt
005 - FECHA Y HORA DE LA ÚLTIMA TRANSACCIÓN
campo de control 20230315112048.0
008 - DATOS DE LONGITUD FIJA--INFORMACIÓN GENERAL
campo de control de longitud fija 221006b |||||||| |||| 00| 0 eng d
040 ## - FUENTE DE CATALOGACIÓN
Centro/agencia transcriptor Biblioteca Lado V
082 ## - NÚMERO DE LA CLASIFICACIÓN DECIMAL DEWEY
Número de clasificación 701.1
Número de ítem B167a
100 ## - ENTRADA PRINCIPAL--NOMBRE DE PERSONA
9 (RLIN) 783
Nombre de persona Baker, Elizabeth C.
Término indicativo de función/relación editora
245 ## - MENCIÓN DEL TÍTULO
Título Art in America/
Resto del título An Anthropological Debate/
260 ## - PUBLICACIÓN, DISTRIBUCIÓN, ETC.
Nombre del editor, distribuidor, etc. Whitney Communications Corporation Magazine Division
Fecha de publicación, distribución, etc. 1999
Lugar de publicación, distribución, etc. New York
300 ## - DESCRIPCIÓN FÍSICA
Dimensiones 22x29cm
Extensión 176p.
366 ## - INFORMACIÓN SOBRE DISPONIBILIDAD COMERCIAL
Nota eng
490 ## - MENCIÓN DE SERIE
Mención de serie Mayo
Designación de volumen o secuencia 1999
505 ## - NOTA DE CONTENIDO CON FORMATO
Título Letters
505 ## - NOTA DE CONTENIDO CON FORMATO
Título Front Page
505 ## - NOTA DE CONTENIDO CON FORMATO
Título Review of Books
505 ## - NOTA DE CONTENIDO CON FORMATO
Título Report from Sao Paulo
505 ## - NOTA DE CONTENIDO CON FORMATO
Título Report from Miami: Part I
505 ## - NOTA DE CONTENIDO CON FORMATO
Título Jackson Pollock's American Sublime
505 ## - NOTA DE CONTENIDO CON FORMATO
Título Laocoon in the Water Lilies
505 ## - NOTA DE CONTENIDO CON FORMATO
Título Looking at Blue Poles
505 ## - NOTA DE CONTENIDO CON FORMATO
Título Between Worlds
505 ## - NOTA DE CONTENIDO CON FORMATO
Título The Courtly Art of Dosso Dossi
505 ## - NOTA DE CONTENIDO CON FORMATO
Título An Artist and His Aliases
505 ## - NOTA DE CONTENIDO CON FORMATO
Título Of War and Remembrance
505 ## - NOTA DE CONTENIDO CON FORMATO
Título The Return of a Rebel
505 ## - NOTA DE CONTENIDO CON FORMATO
Título Review of Exhibitions
505 ## - NOTA DE CONTENIDO CON FORMATO
Título Artworld
650 ## - PUNTO DE ACCESO ADICIONAL DE MATERIA--TÉRMINO DE MATERIA
Fuente del encabezamiento o término Tesauro de Arte & Arquitectura
Término de materia o nombre geográfico como elemento de entrada ARTE
9 (RLIN) 703
650 ## - PUNTO DE ACCESO ADICIONAL DE MATERIA--TÉRMINO DE MATERIA
Fuente del encabezamiento o término Tesauro de Arte & Arquitectura
Término de materia o nombre geográfico como elemento de entrada CRITICA
650 ## - PUNTO DE ACCESO ADICIONAL DE MATERIA--TÉRMINO DE MATERIA
Fuente del encabezamiento o término Tesauro de Arte & Arquitectura
Término de materia o nombre geográfico como elemento de entrada APRECIACION
650 ## - PUNTO DE ACCESO ADICIONAL DE MATERIA--TÉRMINO DE MATERIA
Fuente del encabezamiento o término Tesauro de Arte & Arquitectura
Término de materia o nombre geográfico como elemento de entrada COLECCIONISMO
650 ## - PUNTO DE ACCESO ADICIONAL DE MATERIA--TÉRMINO DE MATERIA
Fuente del encabezamiento o término Tesauro de Arte & Arquitectura
Término de materia o nombre geográfico como elemento de entrada ARTE - USA
700 ## - ENTRADA AGREGADA--NOMBRE PERSONAL
Nombre de persona Shanley, Paul
Término indicativo de función/relación publicista
942 ## - ELEMENTOS DE ENTRADA SECUNDARIOS (KOHA)
Fuente del sistema de clasificación o colocación Clasificación Decimal Dewey
Tipo de ítem Koha Libros
Parte de la signatura que corresponde a la clasificación (Parte de la clasificación) 701.1
Parte de la signatura que identifica el ejemplar (Parte del ítem) B167a
Suprimir en OPAC No

No items available.